000
00340nam a22001457a 4500
008
210609b ||||| |||| 00| 0 eng d
020
_a
9780072350739
041
_a
eng
080
_2
5th
_a
33
082
_a
33
100
_a
58
101
_a
BIZ
245
_a
Business and Administrative Communication
_c
Kitty O. Locker
942
_2
udc
_c
BK
999
_c
58101
_d
58101